Martín Fierro
Na minha lista:
| Autor principal: | |
|---|---|
| Formato: | Livro |
| Idioma: | espanhol |
| Publicado em: |
Ciudad de México
Porrua
1977
|
| Edição: | 4a. ed |
| Colecção: | Colección sepan cuantos, 216
|
| Assuntos: | |
| Tags: |
Adicionar Tag
Sem tags, seja o primeiro a adicionar uma tag!
|
MARC
| LEADER | 00000nam a2200000 a 4500 | ||
|---|---|---|---|
| 001 | UCY1695 | ||
| 003 | CL-VaPUC | ||
| 008 | 940913e19770000MX |||||||||||||||||spa|d | ||
| 082 | 0 | 4 | |a Ar861 |b HER |2 21 |
| 100 | 0 | |a Hernández, José |e author |9 313851 | |
| 245 | 1 | 0 | |a Martín Fierro |
| 250 | |a 4a. ed | ||
| 300 | |a 105 p | ||
| 942 | |c BK | ||
| 945 | |d 19940913 00:00:00 |a oaravena | ||
| 260 | |a Ciudad de México |b Porrua |c 1977 | ||
| 650 | 0 | |a Poesía argentina |9 265575 | |
| 583 | |a last modification |c 19940913 00:00:00 |k Rodrigo Vera | ||
| 490 | 0 | |a Colección sepan cuantos, 216 | |
| 999 | |c 230315 |d 230313 | ||
| 952 | |0 0 |1 0 |4 0 |6 AR_861_000000000000000_HER_1977 |7 0 |8 P |9 232471 |a BIBARQ |b BIBARQ |d 2019-11-15 |i 3017346 |o Ar861 HER 1977 |p 3017346 |r 2025-01-20 |w 2019-11-15 |y BK |k ARQ | ||